| 000 | 00466nam a22001817a 4500 | ||
|---|---|---|---|
| 003 | NUST - PNEC | ||
| 005 | 20170116181011.0 | ||
| 008 | 150913b xxu||||| |||| 00| 0 eng d | ||
| 020 | _a0066690005 | ||
| 040 | _cLIBRARY | ||
| 082 | _a005.13 ENN | ||
| 100 |
_910200 _aEnnals, J. R. |
||
| 245 |
_aBeginning micro-PROLOG _cJ. R. Ennals |
||
| 250 | _a2nd ed. | ||
| 260 | _cc.1984 | ||
| 650 |
_916317 _aProgramming Language _xMIS. Computer Science |
||
| 942 |
_2ddc _cBK |
||
| 999 |
_c67106 _d67106 |
||